| 000 | 02524nam a2200409 i 4500 | ||
|---|---|---|---|
| 001 | 000022577 | ||
| 003 | DO-SdBNP | ||
| 005 | 20250902184721.0 | ||
| 007 | ta | ||
| 008 | 090701s2000 dr d r 000 0 spa d | ||
| 020 | _a9993430188 | ||
| 040 |
_aDO-SdBNP _bspa _cBNPHU _erda |
||
| 041 | _aspa | ||
| 082 | 4 |
_a330.97293 _bC744n, 1999 _222 |
|
| 111 | 2 |
_aConcurso Biblioteca ¨Juan Pablo Duarte¨ _d(1999 : _cSanto Domingo) _984334 |
|
| 245 | 1 | 0 |
_aNueva literatura económica dominicana : _bpremios del concurso "Biblioteca Juan Pablo Duarte", 1999/ _cMagín J. Díaz Domingo ; edición, José Alcántara Almánzar ; prólogo, José Luis Alemán. |
| 264 | 1 |
_aSanto Domingo : _bBanco Central de la República Dominicana, _c2000. |
|
| 300 |
_a345 páginas : _bgráfcos ; _c23 cm. |
||
| 336 |
_atexto _btxt _2rdacontent |
||
| 337 |
_asin mediación _bn _2rdamedia |
||
| 338 |
_avolumen _bnc _2rdacarrier |
||
| 490 | 0 | _aBanco Central de la República Dominicana | |
| 500 | _aIncluye referencias bibliográficas y notas al pie de las páginas. | ||
| 504 | _aBibliografía : páginas 117-121, 333- 334 | ||
| 505 | 0 | _aUn modelo macroeconómico de corto plazo para proyecciones y análisis de políticas: el caso de República Dominicana / Magín J. Díaz Domingo -- La medición del riesgo de mercado de las instituciones financieras dominicanas. Impactos del surgimiento de un mercado de derivados en la cobertura y reducción de dicho riesgo / Rolando Reyes -- Ha sido el tipo de cambio Ancla Nominal de la inflación en la República Dominicana? / Loraine Cruz de Santana, Dayana Lora de Vio -- La inflación subyacente en la República Dominicana: una propuesta para el diseño de política monetaria e indicador de desempeño de las autoridades monetarias / Loraine Cruz de Santana. | |
| 586 | _aPremios del Concurso de Biblioteca "Juan Pablo Duarte" 1999. | ||
| 590 | _aInventariado, 2018/ YL | ||
| 650 | 4 |
_aEconomía _vCongresos, conferencias, etc. _946469 |
|
| 650 | 4 |
_aCrecimiento económico _vCongresos, conferencias, etc. _946470 |
|
| 650 | 4 |
_aPolítica monetaria _zRepública Dominicana _vCongresos, conferencias, etc. _96378 |
|
| 651 | 4 |
_aRepública Dominicana _xCondiciones económicas _vCongresos, conferencias, etc. _97000 |
|
| 700 | 1 |
_aAlcántara Almánzar, José, _d1946- _eeditor _4ed. _97018 |
|
| 700 | 1 |
_aAlemán, José Luis, _eprologuista _4pr. _97046 |
|
| 710 | 2 |
_aBanco Central de la República Dominicana _bDepartamento Cultural. _983405 |
|
| 910 | _aValidado. Control de calidad MFF | ||
| 942 |
_2ddc _cLBS1 |
||
| 999 |
_c22074 _d22074 |
||